01409nam a2200337Ia 4500001001200000003000800012006001900020007001500039008004100054010001700095020001800112020001500130040002100145035002100166050002500187082001700212100002100229245007100250250001200321260013900333300003100472504005400503533015200557650004200709650005200751650004900803655002900852710004700881710001700928856012600945ebr10464694CaPaEBRm u cr cn|||||||||070131s2007 dcua sb 000 0 eng d z 2007004344 z9781568986951 z1568986955 aCaPaEBRcCaPaEBR a(OCoLC)76911430014aHF5845b.B444 2007eb04a659.1/572221 aBird, William L.10aHolidays on displayh[electronic resource] /cWilliam L. Bird, Jr. a1st ed. aWashington, D.C. :bSmithsonian Institution, National Museum of American History ;aNew York :bPrinceton Architectural Press,cc2007. a153 p. :bill. (some col.) aIncludes bibliographical references (p. 141-150). aElectronic reproduction.bPalo Alto, Calif. :cebrary,d2011.nAvailable via World Wide Web.nAccess may be limited to ebrary affiliated libraries. 0aShow windowszUnited StatesxHistory. 0aChristmas show windowszUnited StatesxHistory. 0aHoliday decorationszUnited StatesxHistory. 7aElectronic books.2local2 aNational Museum of American History (U.S.)2 aebrary, Inc.40uhttp://site.ebrary.com/lib/rucke/Doc?id=10464694zAn electronic book accessible through the World Wide Web; click to view